000 00827nam a2200193 a 4500
003 0
005 20250313083716.0
008 090729s19uu xx 00 eng d
050 _aPHS HB 3717
_b.K49 2009
100 _aKim, Alice.
245 _aTo what extent did famine affect the quality, quantity, and acquisition of food of the middle class in the years 1932-1933 of the great depression /
_cAlice Kim.
260 _aLas PiƱas City, Philippines :
_bSouthville International School and Colleges,
_c2009.
300 _a18 pages ;
_c28 cm.
504 _aIncludes bibliographical references.
650 _aGreat Depression, 1929
_zUnited States
_xEconomic conditions.
650 _aFamines
_zUnited States
_xHistory
_v20th century.
650 _aMiddle class
_zUnited States
_xSocial conditions
_v20th century.
942 _2lcc
_cPASS
999 _c98294
_d98294